[Event "Match"]
[Site "www.echecsemail.com"]
[Date "2015.08.13"]
[Round "1"]
[White "Billyg"]
[Black "Carazo"]
[WhiteElo "1560"]
[BlackElo "1599"]
[Result "0-1"]
[Round "1"]
1.e4 e5
2.Ng1f3 Nb8c6
3.Bf1b5 Nc6d4
4.Nf3xd4 exd4
5.O-O c6
6.Bb5d3 Ng8f6
7.c3 Bf8c5
8.b4 Bc5d6
9.Rf1e1 Bd6e5
10.g3 Qd8b6
11.Nb1a3 Qb6c7
12.f4 Be5xf4
13.gxf4 O-O
14.e5 Nf6d5
15.cxd4 Nd5xf4
16.Re1e3 Qc7b6
17.Bc1b2 c5
18.Qd1b3 cxd4
19.Re3f3 Nf4e2
20.Kf1 d6
21.h3 Bc8xh3
22.Rf3xh3 Ne2f4
23.Rh3h4 Nf4xd3
24.Qb3xd3 g6
25.Rh4xd4 dxe5
26.Na3c4 Qb6f6
27.Ke2 exd4
28.Bb2xd4 Rf8e8
29.Nc4e3 Qf6f4
30.Ra1f1 Qf4h2
31.Rf1f2 Qh2h5
32.Rf2f3 Ra8d8
33.Qd3c4 Rd8d7
34.Kf2 Re8d8
35.Ne3c2 Qh5h2
36.Ke3 Rd8e8
37.Kd3 Qh2e2
38.Kc3 Qe2xf3
39.Kb2 h5
40.Qc4b5 Rd7e7
41.Bd4c5 Qf3f6
42.d4 a6
43.Bc5xe7 Re8xe7
44.Qb5c5 b6
45.Qc5c8 Kh7
46.Qc8xa6 Re7c7
47.Qa6d3 Qf6f2
48.d5 h4
49.d6 Rc7d7
50.a4 Qf2f6
51.Ka3 Rd7xd6
52.Qd3e3 Qf6f5
53.Nc2d4 Qf5f6
54.Nd4f3 Qf6f5
55.Nf3g5 Kg7
56.Ng5e4 Rd6e6
57.Qe3d4 f6
58.Ne4c3 h3
59.Qd4h4 Qf5c2
{ resign }
0-1

[Event "Match"]
[Site "www.echecsemail.com"]
[Date "2015.08.13"]
[Round "1"]
[White "Joseph1983"]
[Black "Hundegana"]
[WhiteElo "2220"]
[BlackElo "1950"]
[Result "1-0"]
[Round "1"]
1.b3 e5
2.Bc1b2 f6
3.Nb1c3 Bf8c5
4.e4 a6
5.Ng1f3 c6
6.d4 exd4
7.Nf3xd4 Ng8e7
8.Bf1e2 O-O
9.O-O b5
10.Be2g4 Ne7g6
11.Nd4f5 d6
12.Qd1d2 Bc8xf5
13.Bg4xf5 Ng6e7
14.Bf5h3 Nb8d7
15.Nc3e2 Ne7g6
16.Ne2d4 Bc5xd4
17.Bb2xd4 Nd7e5
18.Bh3e6 Kh8
19.Ra1d1 Rf8e8
20.Be6f5 Ng6e7
21.Bf5h3 c5
22.Bd4b2 Qd8c7
23.Qd2xd6 Qc7xd6
24.Rd1xd6 Re8d8
25.Rf1d1 Rd8xd6
26.Rd1xd6 c4
27.Bb2xe5 fxe5
28.Kf1 cxb3
29.cxb3 g6
30.Rd6e6 Ra8a7
31.Re6xe5 Kg7
32.Re5c5 Kf6
33.f4 h6
34.e5 Kf7
35.Ke2 g5
36.g3 gxf4
37.gxf4 Ne7g6
38.Ke3 Ng6f8
39.f5 Ra7b7
40.Rc5c6 a5
41.Rc6xh6 a4
42.f6 axb3
43.axb3 Rb7c7
44.Kd4 Rc7c2
45.Kd5 Rc2c3
46.e6 Kg8
47.e7 Rc3e3
48.Rh6h8 Kxh8
49.exf8Q { resign }
1-0

[Event "Match"]
[Site "www.echecsemail.com"]
[Date "2015.08.13"]
[Round "1"]
[White "Gmscalpel"]
[Black "Hundegana"]
[WhiteElo "1809"]
[BlackElo "1950"]
[Result "1-0"]
[Round "1"]
1.e4 e6
2.d4 c5
3.Ng1f3 d6
4.Nb1c3 a6
5.dxc5 dxc5
6.Qd1xd8 Kxd8
7.Nf3e5 Ke8
8.Ne5c4 Nb8d7
9.a4 Ng8f6
10.f3 Bf8e7
11.a5 O-O
12.Bc1e3 Rf8d8
13.Kf2 Ra8b8
14.Bf1e2 h6
15.Nc3a4 b5
16.Be3f4 Rb8b7
17.Nc4b6 Nd7xb6
18.Na4xb6 Nf6h5
19.Bf4e3 Nh5f6
20.c4 b4
21.Rh1d1 Nf6d7
22.Nb6xc8 Rd8xc8
23.f4 Nd7f6
24.e5 Nf6e8
25.Rd1d3 Rc8d8
26.Rd3xd8 Be7xd8
27.Be3xc5 g6
28.Bc5e3 f6
29.c5 fxe5
30.Be2xa6 Rb7f7
31.c6 Bd8c7
32.Ba6c4 Kg7
33.a6 exf4
34.Be3d4 Kh7
35.a7 Ne8d6
36.a8Q g5
37.Bc4d3 Nd6f5
38.Qa8e8 Kg6
39.Qe8xe6 { resign }
1-0

[Event "Match"]
[Site "www.echecsemail.com"]
[Date "2015.08.13"]
[Round "1"]
[White "Tbsundar"]
[Black "Add"]
[WhiteElo "2060"]
[BlackElo "1980"]
[Result "0-1"]
[Round "1"]
1.d4 e6
2.c4 d6
3.e3 Ng8f6
4.Nb1d2 Nb8d7
5.b3 c6
6.Bc1b2 Bf8e7
7.Ng1f3 O-O
8.Bf1d3 d5
9.O-O b6
10.Rf1e1 dxc4
11.Nd2xc4 Bc8b7
12.Qd1c2 c5
13.Nc4e5 cxd4
14.exd4 h6
15.Ra1c1 Ra8c8
16.Qc2e2 Nf6d5
17.Ne5xd7 Qd8xd7
18.Nf3e5 Qd7e8
19.Rc1xc8 Qe8xc8
20.Re1c1 Qc8d8
21.Qe2e4 f5
22.Qe4f3 Be7g5
23.Rc1e1 Rf8f6
24.Bd3c4 Qd8e7
25.Qf3h5 Nd5f4
26.Qh5d1 Nf4xg2
27.d5 Ng2f4
28.Ne5c6 Nf4h3
29.Kg2 Nh3f4
30.Kh1 Bb7xc6
31.dxc6 Rf6g6
32.Bb2e5 Qe7c5
33.c7 Qc5c6
34.f3 Nf4d5
35.Bc4a6 Nd5xc7
36.Be5xc7 Qc6xc7
37.Ba6c4 Qc7c6
38.Qd1d3 Kh7
39.Bc4xe6 Rg6xe6
40.Qd3xf5 Kh8
41.Re1xe6 Qc6c1
42.Kg2 Qc1d2
43.Kh3 Qd2d8
44.Qf5g6 Qd8d7
45.Qg6e8 Qd7xe8
46.Re6xe8 Kh7
47.b4 a5
48.a3 axb4
49.axb4 Bg5f6
50.f4 Kg6
51.Kg4 { time. }
0-1

[Event "Match"]
[Site "www.echecsemail.com"]
[Date "2015.08.13"]
[Round "1"]
[White "Bojan"]
[Black "Fkarpov"]
[WhiteElo "1920"]
[BlackElo "2080"]
[Result "0-1"]
[Round "1"]
1.e4 c5
2.Ng1f3 g6
3.d4 cxd4
4.Qd1xd4 Ng8f6
5.Bc1g5 Nb8c6
6.Qd4e3 Bf8g7
7.c3 Nf6g4
8.Qe3f4 Ng4xf2
9.Bf1c4 d5
10.Bc4xd5 Nf2d3
11.Ke2 Nd3xf4
12.Bg5xf4 Qd8b6
13.b3 Bc8g4
14.h3 Bg4xf3
15.gxf3 Nc6e5
16.Nb1d2 e6
17.Bd5c4 O-O
18.Bf4e3 Qb6c7
19.Be3f4 b5
20.Bc4d3 Qc7xc3
21.Bd3xb5 Rf8d8
22.Rh1c1 Rd8xd2
23.Bf4xd2 Qc3xf3
24.Ke1 Ne5d3
25.Bb5xd3 Bg7xa1
26.Bd3e2 Qf3h1
27.Be2f1 Qh1xe4
28.Kd1 Qe4d4
29.Bf1e2 Qd4g1
30.Kc2 Ra8c8
31.Be2c4 Qg1d4
32.Kd1 Rc8d8
33.Rc1c2 Qd4g1
34.Ke2 Qg1g2
35.Kd1 Ba1c3
36.Bc4e2 Qg2g1
{ resign }
0-1

[Event "Match"]
[Site "www.echecsemail.com"]
[Date "2015.08.13"]
[Round "1"]
[White "Carazo"]
[Black "Llord"]
[WhiteElo "1830"]
[BlackElo "1870"]
[Result "1-0"]
[Round "1"]
1.e4 e5
2.Ng1f3 Nb8c6
3.Bf1c4 h6
4.d4 exd4
5.Nf3xd4 Nc6xd4
6.Qd1xd4 d6
7.Qd4d5 Qd8e7
8.O-O Ng8f6
9.Qd5b5 c6
10.Qb5b3 b5
11.Bc4e2 Bc8e6
12.Qb3c3 Be6d7
13.Rf1e1 Qe7d8
14.Be2f3 Bf8e7
15.e5 Nf6d5
16.Bf3xd5 cxd5
17.exd6 Ra8c8
18.Qc3xg7 { resign }
1-0

[Event "Match"]
[Site "www.echecsemail.com"]
[Date "2015.08.13"]
[Round "1"]
[White "Pare123"]
[Black "Azorau"]
[WhiteElo "1970"]
[BlackElo "1910"]
[Result "1-0"]
[Round "1"]
1.c4 e5
2.Nb1c3 Bf8c5
3.e3 Ng8f6
4.Bf1e2 Nb8c6
5.d3 b6
6.Be2f3 Bc8b7
7.Ng1e2 Bc5b4
8.Bc1d2 Qd8e7
9.a3 Bb4c5
10.b4 Bc5d6
11.O-O O-O-O
12.b5 Nc6a5
13.Bf3xb7 Na5xb7
14.a4 Nb7c5
15.a5 Nc5xd3
16.axb6 Nd3b2
17.Qd1b3 Nb2d3
18.bxa7 Kb7
19.Qb3a2 Rd8a8
20.Qa2a6 
1-0

[Event "Eq:Los Tercios-La Taverne : "]
[Site "www.chess-mail.com"]
[Date "2015.08.13"]
[Round "1"]
[White "Julianlore"]
[Black "Guidom"]
[WhiteElo "2600"]
[BlackElo "2230"]
[Result "1-0"]
[Round "1"]
1.e4 e5
2.Ng1f3 Nb8c6
3.Bf1b5 a6
4.Bb5a4 Ng8f6
5.O-O d6
6.c3 Bf8e7
7.Rf1e1 O-O
8.h3 Bc8d7
9.d4 b5
10.Ba4c2 Qd8c8
11.Nb1d2 Bd7xh3
12.gxh3 Qc8xh3
13.d5 Nc6b8
14.Nf3h2 Nb8d7
15.Nd2b3 Nf6h5
16.Qd1f3 Qh3h4
17.Qf3f5 Ra8d8
18.Nh2f3 { resign }
1-0

[Event "Tourn. n8305"]
[Site "www.chess-mail.com"]
[Date "2015.08.14"]
[Round "1"]
[White "Chiccogianca"]
[Black "Libiesse"]
[WhiteElo "2010"]
[BlackElo "2020"]
[Result "1/2-1/2"]
[Round "1"]
1.b3 e5
2.Bc1b2 f6
3.g3 Nb8c6
4.Bf1g2 d5
5.e3 Bf8d6
6.d3 Ng8e7
7.Ng1e2 Bc8e6
8.Nb1d2 O-O
9.O-O Qd8d7
10.a3 Rf8f7
11.b4 a6
12.Kh1 Ra8f8
13.c4 dxc4
14.Nd2xc4 Be6xc4
15.dxc4 Ne7g6
16.Qd1c2 Qd7c8
17.Ra1d1 Nc6a7
18.c5 Bd6e7
19.a4 b5
20.a5 c6
21.Rd1d2 Rf8d8
22.Rf1d1 Rf7f8
23.h4 Rd8xd2
24.Rd1xd2 Rf8d8
25.Qc2d1 Rd8xd2
26.Qd1xd2 Qc8d8
27.Qd2xd8 Be7xd8
28.Ne2c3 Kf7
{ draw }
1/2-1/2

[Event "Tourn. n8312"]
[Site "www.chess-mail.com"]
[Date "2015.08.14"]
[Round "1"]
[White "Cheminet"]
[Black "Gatrooper"]
[WhiteElo "1420"]
[BlackElo "1200"]
[Result "1-0"]
[Round "1"]
1.d4 d5
2.c4 dxc4
3.Bc1f4 e6
4.a3 Bf8d6
5.e3 h6
6.g3 Ng8f6
7.Nb1c3 a6
8.e4 Bd6xf4
9.gxf4 Nf6g4
10.Qd1xg4 g6
11.d5 exd5
12.Qg4g3 Nb8c6
13.Nc3xd5 Nc6d4
14.Qg3c3 c5
15.Ng1f3 Nd4xf3
16.Qc3xf3 O-O
17.Bf1h3 Qd8a5
18.Nd5c3 Bc8xh3
19.Qf3xh3 h5
20.O-O Qa5c7
21.Nc3d5 Qc7c6
22.Nd5e7 Kh8
23.Ne7xc6 bxc6
24.Kh1 Ra8e8
25.Qh3c3 f6
26.e5 f5
27.Ra1e1 Re8e6
28.Re1d1 h4
29.Qc3xc4 Rf8e8
30.Rd1d6 Re6xd6
31.exd6 Re8d8
32.Qc4e6 Rd8a8
33.d7 c4
34.Qe6e8 Ra8xe8
35.dxe8Q Kg7
36.Rf1g1 Kh7
37.Qe8xg6 Kh8
38.Qg6g8 { resign }
1-0

[Event "Tourn. n8305"]
[Site "www.chess-mail.com"]
[Date "2015.08.14"]
[Round "1"]
[White "Chiccogianca"]
[Black "Guidom"]
[WhiteElo "2010"]
[BlackElo "2070"]
[Result "1/2-1/2"]
[Round "1"]
1.b3 e5
2.Bc1b2 Nb8c6
3.g3 d6
4.Bf1g2 Ng8f6
5.e4 Bf8e7
6.Ng1e2 Bc8g4
7.d3 O-O
8.Nb1d2 a6
9.O-O Qd8d7
10.a3 h6
11.b4 b5
12.Kh1 Bg4h3
13.Ne2g1 Bh3e6
14.h3 Ra8c8
15.Kh2 d5
16.exd5 Be6xd5
17.Ng1e2 Bd5xg2
18.Kxg2 Nc6d4
19.Ne2xd4 exd4
20.Rf1e1 c5
21.bxc5 Be7xc5
22.Nd2e4 Nf6xe4
23.Re1xe4 Qd7d5
24.Qd1f3 Rc8c6
25.Ra1e1 Rc6f6
26.Re4f4 Qd5xf3
27.Rf4xf3 Rf6xf3
28.Kxf3 Rf8c8
29.Re1e2 Kf8
{ draw }
1/2-1/2

[Event "Tourn. n8315"]
[Site "www.chess-mail.com"]
[Date "2015.08.14"]
[Round "1"]
[White "Xkafi"]
[Black "Raulazo"]
[WhiteElo "1960"]
[BlackElo "1889"]
[Result "1-0"]
[Round "1"]
1.e4 e5
2.Bf1c4 Ng8f6
3.Qd1f3 Bf8e7
4.d3 Nb8c6
5.c3 d6
6.h3 Qd8d7
7.g4 b6
8.g5 O-O
9.gxf6 Be7xf6
10.Ng1e2 a5
11.Qf3g3 Bc8a6
12.Bc4d5 Ra8b8
13.Rh1g1 Ba6c8
14.Bc1h6 Qd7xh3
15.Bd5xc6 Qh3xh6
16.Nb1d2 Bc8e6
17.Rg1g2 Qh6h1
18.Ne2g1 Qh1h6
19.O-O-O Bf6h4
20.Qg3h2 Be6xa2
21.Ng1f3 f5
22.Qh2xh4 Qh6xh4
23.Nf3xh4 Ba2e6
24.Rd1g1 Rf8f7
25.Nh4xf5 Be6xf5
26.Bc6d5 g6
27.exf5 Rb8f8
28.fxg6 hxg6
29.Bd5xf7 Kxf7
30.Rg2xg6 a4
31.Rg6g7 Ke8
32.Rg7xc7 Kd8
33.Rc7b7 b5
34.Rg1g7 Kc8
35.Rb7xb5 Rf8xf2
36.Rb5a5 Kb8
37.Ra5xa4 Rf2f8
38.Nd2c4 Rf8f1
39.Kc2 Rf1f2
40.Kb3 Rf2f3
41.Rg7g8 Kb7
42.Nc4xd6 Kc6
43.Ra4a6 Kd7
44.Nd6e4 Ke7
45.Ne4g5 Rf3g3
46.Ra6e6 Kd7
47.Rg8g7 Kd8
48.Re6a6 { resign }
1-0

[Event "Tourn. n8269"]
[Site "www.chess-mail.com"]
[Date "2015.08.14"]
[Round "1"]
[White "Gegonz"]
[Black "Roserl"]
[WhiteElo "1970"]
[BlackElo "1900"]
[Result "1-0"]
[Round "1"]
1.c4 Ng8f6
2.Nb1c3 g6
3.Ng1f3 Bf8g7
4.d3 O-O
5.Bc1d2 d6
6.e3 c5
7.Bf1e2 Nb8c6
8.O-O a6
9.a3 Ra8b8
10.h3 b5
11.cxb5 axb5
12.g4 h6
13.d4 b4
14.axb4 cxb4
15.Nc3a2 Bc8e6
16.Be2d3 Qd8b6
17.Na2c1 Rb8a8
18.Nc1e2 Qb6b7
19.e4 Nc6a5
20.Ne2f4 Be6d7
21.Rf1e1 Na5c6
22.Qd1b3 Rf8b8
23.Ra1xa8 Rb8xa8
24.e5 Nf6e8
25.Bd3e4 Qb7b6
26.Bd2e3 Qb6a5
27.e6 fxe6
28.Nf4xe6 Kh7
29.Nf3h4 Qa5a2
30.Qb3xa2 Ra8xa2
31.Be4xg6 Kg8
32.Ne6xg7 Ne8xg7
33.Be3xh6 Ra2xb2
34.Re1a1 { resign }
1-0

[Event "Tourn. n8300"]
[Site "www.chess-mail.com"]
[Date "2015.08.14"]
[Round "1"]
[White "Iko"]
[Black "Gatrooper"]
[WhiteElo "1480"]
[BlackElo "1200"]
[Result "1-0"]
[Round "1"]
1.e4 e5
2.Ng1f3 Nb8c6
3.Bf1b5 a6
4.Bb5xc6 dxc6
5.Nf3xe5 Qd8f6
6.Ne5f3 Bc8g4
7.h3 Bg4xf3
8.Qd1xf3 Qf6xf3
9.gxf3 O-O-O
10.Rh1g1 g6
11.d4 Rd8xd4
12.Bc1e3 Rd4d8
13.c3 Bf8g7
14.Nb1a3 Rd8d6
15.Na3c4 Rd6d8
16.Ra1d1 Rd8xd1
17.Kxd1 Ng8f6
18.e5 Nf6d5
19.f4 Rh8d8
20.Ke2 Rd8e8
21.Rg1g4 h5
22.Rg4g5 Bg7h6
23.Rg5g3 b5
24.Nc4a5 Bh6xf4
25.Rg3f3 Bf4xe3
26.fxe3 Re8xe5
27.Na5xc6 Re5xe3
28.Rf3xe3 Nd5xe3
29.Kxe3 Kd7
30.Nc6e5 Ke6
31.Ne5c6 Kf5
32.Kf3 g5
33.b4 f6
34.Nc6b8 g4
35.hxg4 hxg4
36.Kg3 Kg5
37.Nb8xa6 c6
38.Na6c5 f5
39.Nc5e6 Kh5
40.Kf4 Kh4
41.Kxf5 g3
42.Ne6f4 c5
43.bxc5 b4
44.cxb4 g2
45.Nf4xg2 Kg3
46.Ng2f4 Kf3
47.c6 Ke3
48.c7 Kd4
49.c8Q Ke3
50.b5 { resign }
1-0

[Event "Match"]
[Site "www.echecsemail.com"]
[Date "2015.08.14"]
[Round "1"]
[White "Pinehill"]
[Black "Raulazo"]
[WhiteElo "1820"]
[BlackElo "1889"]
[Result "1-0"]
[Round "1"]
1.e4 e5
2.d4 Nb8c6
3.d5 Nc6e7
4.Ng1f3 Ng8f6
5.Nb1c3 d6
6.Bf1b5 Bc8d7
7.O-O Bd7xb5
8.Nc3xb5 Nf6xe4
9.Rf1e1 Ne4c5
10.c4 a6
11.Nb5c3 g6
12.b4 Nc5d7
13.Nc3e4 f5
14.Ne4g5 Ne7g8
15.Ng5e6 Qd8c8
16.Bc1g5 Nd7b6
17.c5 Nb6d7
18.Ra1c1 a5
19.Ne6xf8 Nd7xf8
20.cxd6 c6
21.Re1xe5 Kf7
22.dxc6 bxc6
23.Qd1b3 Kg7
24.Bg5e7 Ng8xe7
25.Re5xe7 Kh6
26.Qb3e3 { resign }
1-0

[Event "Match"]
[Site "www.echecsemail.com"]
[Date "2015.08.14"]
[Round "1"]
[White "Bojan"]
[Black "Raulazo"]
[WhiteElo "1930"]
[BlackElo "2000"]
[Result "1-0"]
[Round "1"]
1.e4 e5
2.Ng1f3 Nb8c6
3.Bf1c4 f6
4.d4 Qd8e7
5.dxe5 fxe5
6.a3 Ng8f6
7.Nb1c3 b6
8.Nc3b5 Qe7d8
9.Nf3g5 Ke7
10.Qd1f3 d5
11.exd5 Bc8g4
12.Qf3g3 Nc6d4
13.Nb5xd4 exd4
14.h3 Bg4h5
15.Qg3e5 { resign }
1-0

[Event "Match"]
[Site "www.echecsemail.com"]
[Date "2015.08.14"]
[Round "1"]
[White "Add"]
[Black "Andychesston"]
[WhiteElo "2080"]
[BlackElo "2020"]
[Result "0-1"]
[Round "1"]
1.e4 e5
2.Ng1f3 Nb8c6
3.d4 d6
4.d5 Nc6e7
5.Bc1g5 Bc8g4
6.Bf1b5 Bg4d7
7.Bb5xd7 { time. }
0-1

[Event "Match"]
[Site "www.echecsemail.com"]
[Date "2015.08.14"]
[Round "1"]
[White "Irene"]
[Black "Carazo"]
[WhiteElo "2000"]
[BlackElo "1830"]
[Result "1-0"]
[Round "1"]
1.d4 d5
2.Nb1c3 Ng8f6
3.Bc1g5 Nf6e4
4.Nc3xe4 dxe4
5.c3 f6
6.Bg5f4 g5
7.Bf4d2 Nb8c6
8.e3 Bc8f5
9.Bf1b5 Bf5d7
10.Qd1h5 
1-0

[Event "Match"]
[Site "www.echecsemail.com"]
[Date "2015.08.14"]
[Round "1"]
[White "Raulazo"]
[Black "Llord"]
[WhiteElo "1980"]
[BlackElo "1870"]
[Result "1-0"]
[Round "1"]
1.e4 e5
2.Ng1f3 Nb8c6
3.Bf1c4 h6
4.Nf3g1 Bf8c5
5.c3 Ng8f6
6.b4 Bc5b6
7.Ng1f3 Nf6xe4
8.O-O O-O
9.Qd1e2 Ne4xf2
10.Rf1xf2 Bb6xf2
11.Qe2xf2 e4
12.Nf3h4 d5
13.Bc4e2 Nc6e5
14.d4 Bc8g4
15.Be2xg4 Ne5xg4
16.Qf2g3 Ng4f6
17.Nh4f5 Nf6h5
18.Qg3g4 g6
19.Bc1xh6 Nh5f6
20.Qg4g3 Nf6h5
21.Qg3g4 Nh5f6
22.Qg4g5 Nf6h7
23.Nf5e7 Kh8
24.Qg5e5 f6
25.Ne7xg6 Kg8
26.Qe5e6 { resign }
1-0

[Event "1/32 Finale"]
[Site "www.chess-mail.com"]
[Date "2015.08.14"]
[Round "1"]
[White "Llord"]
[Black "Maredocla"]
[WhiteElo "1870"]
[BlackElo "2050"]
[Result "1-0"]
[Round "1"]
1.e4 c5
2.Bf1c4 Nb8c6
3.Ng1f3 d6
4.O-O g6
5.Nb1c3 Bf8g7
6.Nf3g5 e6
7.Bc4b5 Qd8xg5
8.d4 cxd4
9.Nc3e2 Qg5xb5
10.c3 Ng8f6
11.cxd4  { time }
1-0

[Event "Eq:Slap Shot Mates-BEAC Hungary : "]
[Site "www.chess-mail.com"]
[Date "2015.08.14"]
[Round "1"]
[White "Sebolix"]
[Black "Fkarpov"]
[WhiteElo "2660"]
[BlackElo "2090"]
[Result "1-0"]
[Round "1"]
1.e4 e6
2.d4 c5
3.c3 d5
4.e5 Nb8c6
5.Ng1f3 c4
6.b3 b5
7.a4 Bc8a6
8.axb5 Ba6xb5
9.bxc4 Bb5xc4
10.Qd1a4 Ra8c8
11.Bf1xc4 dxc4
12.Nb1d2 Ng8e7
13.Bc1a3 Ne7d5
14.Ba3xf8 Kxf8
15.O-O Nd5xc3
16.Qa4a3 { resign }
1-0

[Event "Eq:La Taverne-Slap Shot Mates : "]
[Site "www.chess-mail.com"]
[Date "2015.08.14"]
[Round "1"]
[White "Echo314"]
[Black "Xkafi"]
[WhiteElo "2750"]
[BlackElo "2010"]
[Result "1-0"]
[Round "1"]
1.e4 e5
2.Ng1f3 Qd8f6
3.Bf1c4 Bf8c5
4.Nb1c3 c6
5.O-O d6
6.d4 Bc5b6
7.dxe5 dxe5
8.Bc1g5 Qf6g6
9.Nf3xe5 Qg6xg5
10.Ne5xf7 Qg5c5
11.Nc3a4 Qc5xc4
12.Nf7d6 Kf8
13.Qd1f3 Ke7
14.Nd6xc8 Kd8
15.Qf3f8 Kc7
16.Nc8xb6 axb6
17.Ra1d1 Ng8f6
18.Qf8d6 { resign }
1-0

[Event "Fast Game"]
[Site "www.echecsemail.com"]
[Date "2015.08.14"]
[Round "1"]
[White "Fkarpov"]
[Black "Jhw"]
[WhiteElo "1840"]
[BlackElo "1899"]
[Result "0-1"]
[Round "1"]
1.d4 c5
2.d5 Qd8b6
3.e4 e6
4.Bf1c4 Qb6b4
5.Nb1d2 b5
6.c3 Qb4a5
7.Nd2b3 Qa5a4
8.Bc4e2 Qa4xe4
9.f3 Qe4xd5
10.Qd1xd5 exd5
11.Be2xb5 c4
12.Nb3d4 g6
13.Ng1e2 Bf8d6
14.Bc1f4 Bd6xf4
15.Ne2xf4 Ng8f6
16.O-O O-O
17.Ra1e1 Bc8a6
18.a4 Ba6xb5
19.Nd4xb5 Nb8a6
20.Re1e5 Ra8e8
21.Rf1e1 Re8xe5
22.Re1xe5 Na6c5
23.Nf4xd5 Nf6xd5
24.Re5xd5 Nc5xa4
25.Rd5xd7 Na4xb2
26.Nb5d6 a5
27.Rd7a7 a4
28.Nd6e4 Rf8d8
29.Kf2 Rd8d3
30.Ne4c5 Nb2d1
31.Ke1 Rd3d8
32.Nc5xa4 Nd1e3
33.Kf2 Rd8d3
34.Ra7a8 Kg7
35.Ra8c8 h5
36.Rc8e8 Ne3d1
37.Ke2 Nd1xc3
38.Na4xc3 Rd3xc3
39.Kd2 Rc3a3
40.Re8e2 g5
41.g4 Ra3xf3
42.gxh5 Kh6
{ resign }
0-1

[Event "Tourn. n8344"]
[Site "www.chess-mail.com"]
[Date "2015.08.15"]
[Round "1"]
[White "Jhw"]
[Black "Panamski"]
[WhiteElo "2039"]
[BlackElo "2080"]
[Result "0-1"]
[Round "1"]
1.d4 e6
2.Nb1c3 d5
3.Bc1f4 a6
4.a3 Nb8d7
5.f3 c5
6.e4 cxd4
7.Qd1xd4 f6
8.Qd4a4 e5
9.Bf4d2 d4
10.Nc3d5 Bf8c5
11.Bd2b4 Bc5xb4
12.axb4 Ng8e7
13.c4 Ne7xd5
14.exd5 O-O
15.c5 Kh8
16.c6 Nd7b6
17.Qa4c2 Nb6xd5
18.cxb7 Bc8xb7
19.Qc2e4 Qd8b6
20.b5 axb5
21.Ra1xa8 Rf8xa8
22.Bf1d3 Ra8a1
23.Kf2 g6
24.h4 Nd5f4
25.Qe4xg6 hxg6
{ resign }
0-1

[Event "Tourn. n8295"]
[Site "www.chess-mail.com"]
[Date "2015.08.15"]
[Round "1"]
[White "Capitaine"]
[Black "Arto20"]
[WhiteElo "2350"]
[BlackElo "2410"]
[Result "0-1"]
[Round "1"]
1.e4 c5
2.Nb1c3 Nb8c6
3.f4 d6
4.Bf1c4 Ng8f6
5.d3 Bc8g4
6.Qd1d2 g6
7.h3 Bg4e6
8.Bc4b5 Bf8g7
9.Ng1f3 O-O
10.O-O Nc6d4
11.Nf3xd4 cxd4
12.Nc3e2 Qd8b6
13.Bb5a4 Nf6xe4
14.dxe4 d3
15.Kh1 dxe2
16.Qd2xe2 Bg7xb2
17.Ra1b1 Qb6a5
18.Bc1xb2 Qa5xa4
19.f5 Be6c4
20.Qe2d2 f6
21.fxg6 hxg6
22.Qd2h6 Rf8f7
23.Bb2xf6 exf6
24.Qh6xg6 Rf7g7
25.Qg6xf6 Bc4xf1
26.Qf6e6 Kh7
27.Qe6f5 Kh8
28.Rb1xf1 Qa4xa2
29.Qf5f6 Qa2c4
30.Rf1f4 a5
31.e5 Qc4d5
32.e6 Qd5xg2

0-1

[Event "Tourn. n8350"]
[Site "www.chess-mail.com"]
[Date "2015.08.15"]
[Round "1"]
[White "Jhw"]
[Black "Bojan"]
[WhiteElo "2059"]
[BlackElo "1930"]
[Result "0-1"]
[Round "1"]
1.Ng1f3 g6
2.c4 Bf8g7
3.d4 d5
4.Bc1d2 dxc4
5.e4 b5
6.Nb1c3 a6
7.d5 Bc8b7
8.Ra1b1 c6
9.dxc6 Bb7xc6
10.Qd1c2 Nb8d7
11.Bf1e2 Nd7e5
12.Nf3xe5 Bg7xe5
13.f4 Be5g7
14.O-O e6
15.Rb1d1 Ra8a7
16.Bd2e3 Ra7d7
17.Rd1xd7 Qd8xd7
18.Rf1d1 Qd7c7
19.e5 Ng8e7
20.Be3c5 O-O
21.Bc5d6 Qc7b7
22.Bd6xe7 Qb7xe7
23.Rd1d6 Qe7b7
24.Qc2d1 Rf8e8
25.g4 Bg7h6
26.f5 exf5
27.gxf5 Re8xe5
28.Rd6d8 Kg7
29.Qd1d4 Bh6e3
{ resign }
0-1

[Event "Tourn. n8311"]
[Site "www.chess-mail.com"]
[Date "2015.08.15"]
[Round "1"]
[White "Bojan"]
[Black "Scasan55"]
[WhiteElo "1890"]
[BlackElo "1930"]
[Result "0-1"]
[Round "1"]
1.e4 c5
2.Ng1f3 d6
3.d4 cxd4
4.Nf3xd4 Ng8f6
5.Qd1f3 e6
6.Bc1d2 Bf8e7
7.Bf1d3 a6
8.Nb1a3 Qd8b6
9.Bd2c3 Bc8d7
10.Na3c4 Qb6c7
11.a3 Nb8c6
12.Nd4xc6 Bd7xc6
13.Bc3a5 Qc7b8
14.Qf3e3 b5
15.Nc4d2 b4
16.Ba5xb4 a5
17.Bb4c3 Bc6b5
18.e5 dxe5
19.Bc3xe5 Qb8b7
20.Bd3e4 Nf6xe4
21.Nd2xe4 O-O
22.b3 Bb5c6
23.f3 Bc6xe4
24.fxe4 f6
25.Be5b2 Ra8c8
26.Ra1c1 e5
27.Qe3e2 Be7c5
28.c3 Qb7xb3
29.g3 Bc5xa3
30.Rc1b1 Ba3xb2
31.Rb1xb2 Qb3xc3
32.Kf2 Rf8d8
33.Rh1a1 Qc3d4
34.Kg2 Rc8c4
35.Ra1e1 a4
36.Rb2b1 a3
37.Rb1a1 Rd8a8
38.Qe2a2 Kh8
39.Ra1d1 Qd4c5
40.Rd1d2 h6
41.Rd2e2 Ra8a4
42.Qa2b3 a2
43.Re1a1 Rc4xe4
44.Re2xa2 Ra4xa2
45.Ra1xa2 Qc5c4
46.Qb3b1 Re4e2
47.Ra2xe2 Qc4xe2
48.Kh3 e4
49.Qb1b8 Kh7
50.Qb8f4 Qe2h5
51.Kg2 f5
52.Qf4e3 Qh5g5
53.Qe3e2 h5
54.h3 g6
55.Qe2c2 Qg5e7
56.Qc2e2 Qe7c7
57.Qe2d2 Qc7e7
58.h4 Qe7b7
59.Kh2 Kg7
60.Qd2d4 Kf7
61.Qd4c4 Kf6
62.Qc4d4 Ke6
63.Qd4c4 Qb7d5
64.Qc4a6 Qd5d6
65.Qa6c4 Ke5
66.Qc4c3 Qd6d4
67.Qc3a5 Ke6
68.Qa5a2 Ke5
69.Qa2a5 Kd6
70.Qa5a6 Kc5
71.Qa6a3 Qd4b4
72.Qa3e3 Kc4
73.Qe3e2 Kc3
74.Qe2e3 Kc2
75.Kh3 Qb4d2
76.Qe3c5 Kd3
77.Qc5d6 Ke3
78.Qd6xg6 Qd2f2
79.Qg6b6 Kf3
80.Qb6b3 Qf2e3
81.Qb3d1 Kf2
82.Qd1c2 Qe3e2
83.Qc2c5 e3
84.Qc5c1 f4
85.Kh2 fxg3
86.Kh1 Qe2f3
{ resign }
0-1

[Event "Tourn. n8300"]
[Site "www.chess-mail.com"]
[Date "2015.08.15"]
[Round "1"]
[White "Iko"]
[Black "Culiflori"]
[WhiteElo "1480"]
[BlackElo "999"]
[Result "0-1"]
[Round "1"]
1.e4 e5
2.Ng1f3 Nb8c6
3.Bf1d3 Ng8f6
4.c4 d6
5.a3 Bc8g4
6.h3 Bg4h5
7.g4 Bh5g6
8.g5 Nf6xe4
9.Bd3xe4 Bg6xe4
10.h4 Nc6d4
11.Nf3xd4 Be4xh1
12.Qd1a4 c6
13.Nd4f5 Bh1e4
14.Nf5e3 Be4xb1
15.Ra1xb1 Bf8e7
16.Ne3f5 O-O
17.d3 Rf8e8
18.Bc1e3 Be7f8
19.Qa4b3 Qd8d7
20.Qb3a4 Qd7xf5
21.Be3xa7 Qf5xd3
22.Rb1d1 Qd3f3
23.b4 b5
24.Qa4a6 Re8e7
25.cxb5 Re7xa7
26.Qa6xc6 Qf3xc6
27.bxc6 Ra7xa3
28.c7 Ra8c8
29.Rd1c1 Ra3a7
30.b5 Ra7xc7
31.Rc1b1 Rc7c1
32.Rb1xc1 Rc8xc1
33.Kd2 Rc1b1
34.Kc2 Rb1xb5
35.Kc3 d5
36.f3 d4
37.Kc4 Rb5b1
38.Kd5 d3
39.Kxe5 d2
40.Kd4 d1Q
41.Ke3 Rb1b3
42.Kf4 Qd1xf3
43.Ke5 Rb3b5
44.Kd4 Qf3f4
45.Kc3 Rb5e5
46.Kd3 Re5e3
47.Kd2 Qf4f2
48.Kd1 Bf8e7
49.Kc1 Be7d8
50.Kd1 Re3g3
51.Kc1 g6
52.Kd1 Kg7
53.Kc1 h6
54.gxh6 Kxh6
55.Kd1 Rg3g1

0-1

[Event "Tourn. n8351"]
[Site "www.chess-mail.com"]
[Date "2015.08.15"]
[Round "1"]
[White "Jhw"]
[Black "Vogue"]
[WhiteElo "2059"]
[BlackElo "2010"]
[Result "0-1"]
[Round "1"]
1.c4 Ng8f6
2.d4 c5
3.Nb1c3 cxd4
4.Qd1xd4 Nb8c6
5.Qd4d1 e6
6.a3 Bf8e7
7.e4 O-O
8.f4 d5
9.cxd5 exd5
10.exd5 Qd8b6
11.dxc6 Be7c5
12.Nc3a4 Qb6a5
13.Bc1d2 Rf8e8
14.Bf1e2 Qa5b5
15.Na4xc5 Qb5xc6
16.Ng1f3 Qc6xc5
17.Bd2b4 Qc5e3
18.Bb4d2 Qe3c5
19.Ra1c1 Qc5b6
20.Bd2c3 Bc8g4
21.Kf1 Ra8d8
22.Bc3d4 Qb6d6
23.Bd4xa7 Qd6xf4
24.Qd1e1 Nf6e4
25.Rc1c2 Ne4d2
26.Rc2xd2 Bg4xf3
27.Rd2xd8 Bf3xe2
28.Kg1 Re8xd8
29.g3 Qf4f3
30.h4 Rd8d1
31.Qe1xd1 Qf3xg3
{ resign }
0-1

[Event "Tourn. n8308"]
[Site "www.chess-mail.com"]
[Date "2015.08.15"]
[Round "1"]
[White "Abuelo"]
[Black "Bojan"]
[WhiteElo "2080"]
[BlackElo "1890"]
[Result "1-0"]
[Round "1"]
1.e4 e5
2.Ng1f3 d6
3.Bf1c4 h6
4.Nb1c3 a6
5.O-O Qd8f6
6.Nc3d5 Qf6d8
7.Qd1e2 c6
8.Nd5e3 Qd8f6
9.h3 Bf8e7
10.d3 Qf6g6
11.Kh1 a5
12.a4 Ng8f6
13.Bc1d2 Nf6h7
14.Nf3h2 Nh7g5
15.f4 exf4
16.Rf1xf4 Ng5e6
17.Rf4f1 Be7f6
18.c3 O-O
19.Ne3g4 Bf6g5
20.Bd2xg5 Ne6xg5
21.Ra1e1 Nb8d7
22.d4 Nd7b6
23.Bc4b3 h5
24.Ng4f2 Bc8d7
25.Bb3c2 Qg6h6
26.Bc2d3 Ra8e8
27.Qe2e3 Nb6d5
28.Qe3g3 Nd5f6
29.Qg3xd6 Re8e6
30.Qd6c5 Rf8a8
31.e5 Nf6e8
32.Bd3f5 Ne8c7
33.Bf5xe6 Ng5xe6
34.Qc5a3 b6
35.Nf2e4 Nc7d5
36.Ne4d6 f6
37.exf6 gxf6
38.c4 Nd5b4
39.Qa3g3 Qh6g5
40.Qg3xg5 fxg5
41.Rf1f7 Ra8a7
42.Rf7f5 Nb4d3
43.Re1e2 Ne6f4
44.Rf5xg5 Kf8
45.Re2d2 Ke7
46.Nd6e4 Nd3c1
47.g3 Nf4e6
48.Rg5xh5 Nc1b3
49.Rd2d1 Ne6xd4
50.Kg2 Bd7f5
51.Rh5h4 Ra7a8
52.Ne4c3 Ra8g8
53.Nh2f3 Nd4e6
54.g4 Bf5c2
55.Rd1e1 Nb3c5
56.Nf3d4 Kd7
57.Nd4xc2 Rg8e8
58.Re1d1 Kc8
59.Rh4h7 Ne6g5
60.Rh7h6 Kc7
61.Kg3 Re8f8
62.Kh4 Nc5e6
63.Nc2d4 Ng5f3
64.Nd4xf3 Rf8xf3
65.Rh6xe6 { resign }
1-0